000 00462nam a2200181Ia 4500
008 151018s9999 xx 000 0 und d
082 _bRBASDV30745
_a624
100 _aNavkala Roy
245 _aThe Motor car: How it work
250 _b1
260 _bChildren Books Trust
_c1997
300 _a24
600 _aNavkala Roy
630 _aThe Motor car: How it work
700 _aNavkala Roy
730 _aThe Motor car: How it work
942 _cBOOK
999 _c1030285
_d1030282